Vấn đề nữ quyền trong sáng tác của Dạ Ngân : Luận văn thạc sĩ Ngữ văn. Chuyên ngành: Văn học Việt Nam

Luận văn nhằm làm rõ hơn những phương diện cơ bản, khái quát nhất về lý thuyết văn học nữ quyền, khai thác những khía cạnh nội dung mang âm hưởng nữ quyền trong sáng tác của Dạ Ngân, từ đó nhận diện sâu sắc hơn diện mạo dòng văn học...

Cijeli opis

Spremljeno u:
Bibliografski detalji
Glavni autor: Nguyễn, Thị Hương Trà
Format: Knjiga
Jezik:Undetermined
Izdano: Cần Thơ Trường Đại học cần Thơ 2013
Teme:
Oznake: Dodaj oznaku
Bez oznaka, Budi prvi tko označuje ovaj zapis!
Thư viện lưu trữ: Trung tâm Học liệu Trường Đại học Cần Thơ
LEADER 01347nam a2200229Ia 4500
001 CTU_184589
008 210402s9999 xx 000 0 und d
082 |a 895.9223009 
082 |b Tr100 
088 |a 60220121 
100 |a Nguyễn, Thị Hương Trà 
245 0 |a Vấn đề nữ quyền trong sáng tác của Dạ Ngân : 
245 0 |b Luận văn thạc sĩ Ngữ văn. Chuyên ngành: Văn học Việt Nam 
245 0 |c Nguyễn Thị Hương Trà ; Tào Văn Ân người hướng dẫn khoa học 
260 |a Cần Thơ 
260 |b Trường Đại học cần Thơ 
260 |c 2013 
520 |a Luận văn nhằm làm rõ hơn những phương diện cơ bản, khái quát nhất về lý thuyết văn học nữ quyền, khai thác những khía cạnh nội dung mang âm hưởng nữ quyền trong sáng tác của Dạ Ngân, từ đó nhận diện sâu sắc hơn diện mạo dòng văn học mang sắc thái nữ quyền Việt Nam đương đại. 
650 |a Văn học Việt Nam,Vietnamese literature 
650 |x Lịch sử và phê bình,History and criticism 
904 |i Nguyễn Thị Diệu 
980 |a Trung tâm Học liệu Trường Đại học Cần Thơ